| 000 | 01895nam a2200229Ia 4500 | ||
|---|---|---|---|
| 003 | Ost | ||
| 005 | 20260507075450.0 | ||
| 008 | 260507s9999||||xx |||||||||||||| ||und|| | ||
| 020 | _a3619119957 | ||
| 040 | _cfsecg | ||
| 041 | _aara | ||
| 082 | _a353.6 | ||
| 100 |
_aالبياتي، حسين ذنون علي _eمؤلف |
||
| 245 | 0 |
_aالمعايير المعتمدة في اقامة و ادارة المستشفيات : _bوجهة نظر معاصرة / _c حسين ذنون علي البياتي |
|
| 260 |
_aعمان: _bدار وائل للنشر, _c2005 |
||
| 300 |
_a128 صفحة؛ _bإيضاحات ؛ _c24 سم |
||
| 504 | _aبيبليوغرافيا ص.121 | ||
| 520 | _aيِؤكد الباحثون المتخصصون في حقل إدارة المستشفيات على ضرورة مراعاة عدد من المعايير التصميمية عند الشروع بإنشاء مستشفى جديد أو إضافة أجنحة وأقسام جديدة إلى المستشفيات الحالية ،وأن يتم التنسيق بين الهيئة الفنية والجهات الإدارية لترجمة هذه المعايير إلىواقع فعلي على النحو الذي يسهل في جعل المستشفى أفضل أداء عند إنجاز أنشطته . إذ أظهرت الدراسات والبحوث أن المستشفيات التي أهملت فيها المعايير التصميمية واجهت صعوبات كثيرة عند انجاز أنشطتها و يحتوي الكتاب على : مقدمة ، المعايير التصميمية للمستشفيات ، المعايير الإدارية للمستشفيات ،معايير التقانة الصحية في المستشفيات ،معايير تقويم الأداء في المستشفيات . | ||
| 653 | _aادارة الاعمال | ||
| 653 | _aالمستشفيات--ادارة | ||
| 942 | _cكتاب | ||
| 999 |
_c44623 _d44623 |
||